000 00801cam a2200325 4500
001 a44132
003 DO-SdBNP
005 20221109075154.0
007 a44132
008 090121s1974 sp |||| 000 f spa
015 _a
017 _a
_b
020 _a840141064
035 _a
040 _aBPMSU
_bspa
_cBPMSU
_e
080 _a
082 _aC0863.44
_bG216h 1974
_222
100 1 _aGarcía Márquez, Gabriel,
_d1927-2014
245 1 0 _a La hojarasca :
_bnovela /
_c Gabriel García Márquez
_h
250 _a
260 _aBarcelona :
_bPlaza Janes,
_c1974
300 _a140 p. ;
_c21 cm
490 _a
590 _6Inventariado, 2022/VM
650 4 _aNovela colombiana
650 4 _aLiteratura colombiana
830 _a
910 _aVMateo V./Validado
942 _2ddc
_cBK
999 _c10464
_d10464